00450nam a2200193Ia 4500003000900000008004100009040001300050040001300063041000800076100002000084245007000104250001200174260001000186260000900196300001100205300001000216490002200226490000800248IT-RoPAU120407s9999 xx 000 0 und d aIT-RoPAU cIT-RoPAU aita aBattista Mondin aFilosofia e cristianesimo nella teologia cattolica e protestante. aBologna aBorla c1974 a107 p. c21 cm aLe idee e la vita v165